Normal view MARC view
  • Hadi Mirza Muhammad

Entry Personal Name

Number of records used in: 2

001 - CONTROL NUMBER

  • control field: 9791

003 - CONTROL NUMBER IDENTIFIER

  • control field: NUST

005 - DATE AND TIME OF LATEST TRANSACTION

  • control field: 20180124153726.0

008 - FIXED-LENGTH DATA ELEMENTS

  • fixed length control field: 180124|| aca||aabn | a|a d

040 ## - CATALOGING SOURCE

  • Original cataloging agency: NUST
  • Transcribing agency: NUST

100 ## - HEADING--PERSONAL NAME

  • Personal name: Hadi Mirza Muhammad

670 ## - SOURCE DATA FOUND

  • Source citation: Work cat.: (NUST)325235: Hadi Mirza Muhammad, Majmo'a Mirza Muhammad Hadi, 2000
© 2023 Central Library, National University of Sciences and Technology. All Rights Reserved.